000 00825nam a22001697a 4500
008 110721t1975 xxu||||g |||| 000 0 ara d
082 _222
_a609
_bف ى ر
100 _926388
_aفيركيس، فيكتور س
245 _aالإنسان التكنولوجى :
_cتأليف فيكتور س. فيركيس؛ ترجمة زكريا إبراهيم، يوسف ميخائيل أسعد /
_bالأسطورة و الحقيقة
260 _aالقاهرة:
_bمكتبة الأنجلو المصرية،1975.
_c1975.
300 _a ،419 ص
_c24 سم.
650 _926390
_aالتكنولوجيا و الدولة
650 _926391
_aالتكنولوجيا
_xالجوانب الأخلاقية و الدينية
653 _bGeneral
_cJuly2011
700 _914946
_aاسعد، يوسف ميخائيل
_cمترجم
942 _2ddc
_cBB
999 _c15721
_d15721